000 00452nam a2200181Ia 4500
001 3641
005 20260306145658.0
008 260306t2005||||xx |||||||||||||| ||spa||
041 _aESP
082 _a301
_bF38
100 _aFerreiro Lavedán, María Isabel
_eAUT
245 0 _aLa teoría social de Ortega y Gasset:
_blos usos
260 _c2005
300 _a300 páginas :
_c24 cm.
650 _aGEN
654 _aCHU
942 _cLIB
_dJUS
_fJUS
_2ddc
_n
999 _c3641
_d3641